[Event "Lansing (MI Op/1a/14)"]
[Site "?"]
[Date "1996.??.??"]
[Round "?"]
[White "Rotberg, Victor"]
[Black "Moody, David"]
[Result "1-0"]
[WhiteElo "1820"]
[BlackElo "2050"]
[PlyCount "95"]
[EventDate "1996.??.??"]

1. e4 e5 2. Nf3 Nc6 3. Bb5 a6 4. Ba4 Nf6 5. O-O Be7 6. Re1 b5 7. Bb3 O-O 8. a4
Bb7 9. Nc3 Nd4 10. Nxe5 Nxb3 11. cxb3 b4 12. Nd5 Nxd5 13. exd5 Bxd5 14. d4 d6
15. Nc4 Bf6 16. a5 Qd7 17. Be3 Qc6 18. f3 Bxc4 19. bxc4 Qxc4 20. Rc1 Qb5 21.
Rxc7 Bd8 22. Rc1 Bxa5 23. Bf4 b3 24. Bxd6 Rfd8 25. Re5 Qb6 26. Bc7 Rxd4 27.
Bxb6 Bxb6 28. Kf1 Rxd1+ 29. Rxd1 Kf8 30. Rd7 Rc8 31. Red5 Rc2 32. Rb7 Rc6 33.
Rdd7 Ke8 34. Re7+ Kd8 35. Rxf7 Kc8 36. Rxg7 Bd4 37. Rxh7 Bxb2 38. Rxb3 Bc3 39.
Rbb7 a5 40. Rbf7 Kb8 41. Rf8+ Rc8 42. Rxc8+ Kxc8 43. g4 Kb8 44. g5 a4 45. Rh4
a3 46. Ra4 Bb2 47. h4 Kc7 48. g6 1-0

[Event "Detroit (WCO/2/4)"]
[Site "?"]
[Date "1996.??.??"]
[Round "?"]
[White "Rotberg, Victor"]
[Black "Martell, Raul"]
[Result "1/2-1/2"]
[WhiteElo "1785"]
[BlackElo "1605"]
[PlyCount "105"]
[EventDate "1996.??.??"]

{2/(4)} 1. e4 e6 2. d4 d5 3. exd5 exd5 4. Bd3 Nf6 5. Bf4 Be7 6. h3 Nbd7 7. Nf3
O-O 8. O-O Re8 9. c3 Nf8 10. Ne5 Ng6 11. Nxg6 hxg6 12. Qf3 c6 13. Nd2 Be6 14.
Rfe1 Nh5 15. Be5 Bd6 16. Bxd6 Qxd6 17. Re3 Nf4 18. Qg3 Qb8 19. Bc2 Nh5 20. Qf3
Qc7 21. Rae1 Qd7 22. Qe2 Nf4 23. Qf3 g5 24. Qg3 f6 25. h4 Nh5 26. Qh2 g4 27.
Bg6 Bf7 28. Bxh5 Bxh5 29. Qf4 Qf7 30. g3 Rxe3 31. Rxe3 Re8 32. Nf1 Kf8 33.
Rxe8+ Qxe8 34. Ne3 Qd7 35. Qf5 Qxf5 36. Nxf5 Be8 37. Nd6 b5 38. Nf5 Bd7 39. Ne3
Ke7 40. Kf1 a5 41. Ke1 Kd6 42. Kd2 c5 43. a3 c4 44. Kc2 g6 45. b4 a4 46. Kd2
Be6 47. Ke2 Ke7 48. f3 gxf3+ 49. Kxf3 Kf7 50. Kf4 Kg7 51. g4 Kf7 52. g5 Ke7 53.
Ng4 1/2-1/2

[Event "Ann Arbor (Mini-Swiss/2/4)"]
[Site "?"]
[Date "1996.??.??"]
[Round "?"]
[White "Rotberg, Victor"]
[Black "Hickey, Gene"]
[Result "1-0"]
[WhiteElo "1785"]
[BlackElo "1985"]
[PlyCount "92"]
[EventDate "1996.??.??"]

{2/(4)} 1. e4 b6 2. d4 Bb7 3. Nc3 e6 4. Nf3 d6 5. Bd3 g6 6. Bg5 Ne7 7. Bf6 Rg8
8. Qd2 Nd7 9. Bg5 c6 10. Bh6 Qc7 11. O-O-O O-O-O 12. Kb1 Kb8 13. Bf4 f6 14. h4
e5 15. Bg3 b5 16. a4 a6 17. axb5 cxb5 18. Qe2 Qb6 19. dxe5 dxe5 20. Nd2 Nc5 21.
f4 Nxd3 22. cxd3 exf4 23. Bxf4+ Ka8 24. Rhf1 Nc8 25. Be3 Qe6 26. d4 b4 27. d5
Qd7 28. Na2 f5 29. exf5 Qxd5 30. Bg5 Qd3+ 31. Qxd3 Rxd3 32. f6 Nd6 33. f7 Rg7
34. Bh6 Rxf7 35. Rxf7 Bxh6 36. Rd7 Be4 37. Nxe4 Rxd1+ 38. Kc2 Ra1 39. Nxb4 Nxe4
40. Rxh7 Bf4 41. Kd3 Nd6 42. Nc6 Nc8 43. Ke4 Ra4+ 44. Kd5 Bc1 45. b4 Bd2 46.
Kc5 Ra1 1-0

[Event "Detroit (WCO/1/4)"]
[Site "?"]
[Date "1996.??.??"]
[Round "?"]
[White "Rotberg, Victor"]
[Black "Duque, C."]
[Result "1-0"]
[WhiteElo "1785"]
[BlackElo "1605"]
[PlyCount "65"]
[EventDate "1996.??.??"]

{1/(4)} 1. e4 d6 2. d4 Nf6 3. Nc3 Nc6 4. Nf3 Bg4 5. Be3 e6 6. Be2 d5 7. e5 Nd7
8. O-O Be7 9. h3 Bf5 10. a3 O-O 11. Bd3 Bxd3 12. Qxd3 Nb6 13. b3 Qd7 14. Ng5
Bxg5 15. Bxg5 h6 16. Bh4 Ne7 17. Ne2 Nf5 18. Bg3 Qe7 19. f4 c5 20. dxc5 Qxc5+
21. Bf2 Qe7 22. Nd4 Nxd4 23. Bxd4 Qh4 24. f5 Qg5 25. f6 Qg6 26. fxg7 Kxg7 27.
Qd2 Nd7 28. Rf4 f6 29. Rg4 Qxg4 30. exf6+ Nxf6 31. hxg4 Kg8 32. Qxh6 Nxg4 33.
Qg7# 1-0

[Event "Lansing (MI Op/6/25)"]
[Site "?"]
[Date "1996.??.??"]
[Round "?"]
[White "Rotberg, Victor"]
[Black "Croel, Duane"]
[Result "1-0"]
[WhiteElo "1820"]
[BlackElo "1830"]
[PlyCount "115"]
[EventDate "1996.??.??"]

{6/(25)} 1. e4 c5 2. Nf3 d6 3. d4 cxd4 4. Nxd4 Nf6 5. Nc3 g6 6. Be3 Bg7 7. Bc4
O-O 8. f3 Nc6 9. Qd2 Bd7 10. O-O-O Ne5 11. Bb3 Qa5 12. Kb1 Rfc8 13. Nd5 Qd8 14.
Nxf6+ Bxf6 15. Bh6 Nc4 16. Qf2 Qb6 17. Bxc4 Rxc4 18. Be3 Rac8 19. Nb3 Qc7 20.
Rc1 b6 21. g4 Qb7 22. g5 Bg7 23. h4 a5 24. h5 a4 25. hxg6 axb3 26. axb3 Qa6 27.
gxf7+ Kxf7 28. bxc4 Qxc4 29. Rxh7 Ra8 30. Rxg7+ Kxg7 31. b3 Qa6 32. c4 Qa1+ 33.
Kc2 Ra2+ 34. Kd1 Rxf2 35. Rxa1 Rf1+ 36. Ke2 Rxa1 37. Bd4+ e5 38. Bxa1 Kg6 39.
Bb2 Kxg5 40. Ba3 Kf4 41. Bxd6 Be8 42. Bc7 b5 43. Kf2 bxc4 44. bxc4 Bh5 45.
Bxe5+ Kxe5 46. Ke3 Kd6 47. f4 Kc5 48. e5 Bg6 49. Kf3 Kxc4 50. Kg4 Kd5 51. Kg5
Bh7 52. Kf6 Ke4 53. e6 Bf5 54. e7 Bd7 55. f5 Kd5 56. Kf7 Ke5 57. f6 Kf5 58. Kg7
1-0

[Event "Detroit (Class B/3/1)"]
[Site "?"]
[Date "1996.??.??"]
[Round "?"]
[White "Rotberg, Victor"]
[Black "Carr, Jay"]
[Result "1/2-1/2"]
[WhiteElo "1785"]
[BlackElo "1735"]
[PlyCount "87"]
[EventDate "1996.??.??"]

{3/(1)} 1. e4 c5 2. Nf3 Nf6 3. Nc3 d5 4. exd5 Nxd5 5. Bc4 e6 6. d4 Nxc3 7. bxc3
Be7 8. O-O O-O 9. Bf4 Bd7 10. Bd3 Bc6 11. Ne5 Bg5 12. Qh5 h6 13. Be3 Bxe3 14.
fxe3 Qg5 15. Qh3 Nd7 16. Nxc6 bxc6 17. Be4 Rac8 18. Rab1 Rc7 19. Qf3 cxd4 20.
cxd4 c5 21. Rb5 Qe7 22. Qg3 Nb6 23. h4 Nd5 24. Rb2 c4 25. Bxd5 exd5 26. Rb5 Rd7
27. a4 Re8 28. Rf3 Qe6 29. a5 Rc8 30. Rf1 Re7 31. Re1 Qd7 32. Reb1 Rce8 33. Rb8
Kh7 34. Rxe8 Rxe8 35. a6 Qc6 36. Rb7 Qxa6 37. Rxf7 Qg6 38. Qxg6+ Kxg6 39. Rxa7
Rxe3 40. Ra5 Rc3 41. Rxd5 Rxc2 42. Rc5 c3 43. g4 Rd2 44. Rxc3 1/2-1/2

[Event "Kalamazoo (MI Am/2/10)"]
[Site "?"]
[Date "1996.??.??"]
[Round "?"]
[White "Rotberg, Victor"]
[Black "Carpenter, George"]
[Result "1-0"]
[WhiteElo "1800"]
[BlackElo "1605"]
[PlyCount "33"]
[EventDate "1996.??.??"]

{2/(10)} 1. e4 d6 2. d4 Nf6 3. Nc3 g6 4. Nf3 Bg7 5. Bc4 O-O 6. Bb3 Nbd7 7. O-O
c6 8. Re1 Qc7 9. h3 Ne8 10. Bg5 b5 11. Bxe7 Nb6 12. Bxf8 Kxf8 13. Ng5 Kg8 14.
Bxf7+ Kf8 15. Qf3 Nf6 16. e5 h6 17. exf6 1-0

[Event "Kalamazoo (MI Am/4/8)"]
[Site "?"]
[Date "1996.??.??"]
[Round "?"]
[White "Rotberg, Victor"]
[Black "Bloch, Hermann"]
[Result "1-0"]
[WhiteElo "1800"]
[BlackElo "1605"]
[PlyCount "33"]
[EventDate "1996.??.??"]

{4/(8)} 1. e4 e6 2. d4 d5 3. Nc3 Bb4 4. e5 h6 5. Bd3 c5 6. a3 cxd4 7. axb4 dxc3
8. bxc3 Ne7 9. Qg4 g6 10. h4 Nbc6 11. Qf4 Qc7 12. Nf3 O-O 13. Qf6 Kh7 14. h5
Kg8 15. Bxh6 Qxe5+ 16. Nxe5 Nxe5 17. Qg7# 1-0

[Event "Lansing (MI Op/4/14)"]
[Site "?"]
[Date "1996.??.??"]
[Round "?"]
[White "Rotberg, Victor"]
[Black "Bailey, Greg"]
[Result "0-1"]
[WhiteElo "1820"]
[BlackElo "2000"]
[PlyCount "106"]
[EventDate "1996.??.??"]

{4/(14)} 1. e4 c6 2. d4 d5 3. Nc3 dxe4 4. Nxe4 Bf5 5. Ng3 Bg6 6. Nf3 Nd7 7. h4
h6 8. h5 Bh7 9. Bd3 Bxd3 10. Qxd3 Qc7 11. Bd2 e6 12. O-O-O Ngf6 13. Kb1 Bd6 14.
Ne4 Nxe4 15. Qxe4 Nf6 16. Qe2 O-O-O 17. c4 c5 18. Bc3 cxd4 19. Nxd4 a6 20. g3
Rhe8 21. Rc1 Bc5 22. Nb3 Bf8 23. c5 Rd5 24. c6 bxc6 25. Qxa6+ Qb7 26. Qxb7+
Kxb7 27. Na5+ Kb6 28. Nxc6 Nxh5 29. Bd4+ Kb7 30. Be3 Rc8 31. Nd4 Bc5 32. Nc2
Nf6 33. b4 Bxe3 34. Nxe3 Rd2 35. Rxc8 Kxc8 36. f3 Nd5 37. Nxd5 exd5 38. Rc1+
Kb7 39. Rc3 h5 40. a4 g5 41. a5 h4 42. gxh4 gxh4 43. b5 h3 44. Rc1 h2 45. Re1
Rg2 46. Re7+ Kc8 47. Re8+ Kd7 48. Rh8 Rg1+ 49. Kb2 h1=Q 50. Rxh1 Rxh1 51. a6
Kc7 52. a7 Kb7 53. b6 Rh6 0-1

[Event "Lansing (MOR/6/3)"]
[Site "?"]
[Date "1996.??.??"]
[Round "?"]
[White "Rosenberg, Steve"]
[Black "Wright, Walter"]
[Result "1-0"]
[WhiteElo "1755"]
[BlackElo "1605"]
[PlyCount "167"]
[EventDate "1996.??.??"]

{6/(3)} 1. e4 e5 2. Nf3 Nc6 3. Nc3 Nf6 4. Be2 Be7 5. d3 d6 6. O-O Bg4 7. Ne1
Bxe2 8. Nxe2 O-O 9. f4 d5 10. fxe5 Nxe5 11. d4 dxe4 12. Ng3 Nc6 13. c3 Re8 14.
Nf5 Bd6 15. Bg5 Be7 16. Nxe7+ Nxe7 17. Bxf6 gxf6 18. Rxf6 Ng6 19. Rf1 Qg5 20.
Qe2 Nf4 21. Qe3 Ne6 22. Qxe4 c6 23. Qf5 Re7 24. Nd3 Rae8 25. Rf3 Qxf5 26. Rxf5
Ng7 27. Rf2 Re3 28. Ne5 f5 29. Raf1 Re4 30. Nd7 R8e6 31. g4 Rg6 32. Kh1 Re7 33.
Ne5 Rh6 34. gxf5 Nh5 35. Rg1+ Rg7 36. Rxg7+ Kxg7 37. Rg2+ Kf8 38. Ng4 Rd6 39.
Rf2 Kf7 40. Kg2 Ng7 41. Kg3 h5 42. Ne3 Rh6 43. Kf4 Rd6 44. Kg5 Rf6 45. d5 b5
46. dxc6 Rxc6 47. Rd2 Rc7 48. Nc2 Kf8 49. Re2 Rc5 50. Nd4 b4 51. cxb4 Rc4 52.
Ne6+ Nxe6+ 53. fxe6 Rxb4 54. Kxh5 Ke7 55. h4 Rb8 56. Kg6 Rg8+ 57. Kf5 Rf8+ 58.
Kg4 Rg8+ 59. Kh3 Rh8 60. b4 Rc8 61. Re4 Rc3+ 62. Kg4 Ra3 63. h5 Rxa2 64. h6
Rg2+ 65. Kh5 Rh2+ 66. Rh4 Rf2 67. h7 Rf8 68. Kg6 Rf6+ 69. Kg7 Rf8 70. h8=Q Rxh8
71. Rxh8 Kxe6 72. Ra8 Kd6 73. Rxa7 Kc6 74. Ra5 Kb6 75. Kf6 Kc6 76. Ke6 Kc7 77.
Ra6 Kb7 78. b5 Kc7 79. Rc6+ Kb7 80. Kd6 Ka7 81. Kc5 Kb7 82. b6 Ka6 83. Rc7 Ka5
84. Ra7# 1-0

[Event "Lansing (MOR/2/31)"]
[Site "?"]
[Date "1996.??.??"]
[Round "?"]
[White "Rosenberg, Steve"]
[Black "Sobh, Mohamed"]
[Result "1-0"]
[WhiteElo "1755"]
[BlackElo "1605"]
[PlyCount "67"]
[EventDate "1996.??.??"]

{2/(31)} 1. e4 e5 2. Nf3 Nc6 3. g3 Nf6 4. d3 Bc5 5. Bg2 O-O 6. O-O d6 7. Nc3
Bg4 8. Bg5 h6 9. Be3 Bxe3 10. fxe3 Nb4 11. a3 Na6 12. Qe1 Bxf3 13. Bxf3 c6 14.
Qf2 d5 15. exd5 cxd5 16. Qg2 Qb6 17. Nxd5 Nxd5 18. Bxd5 Qxe3+ 19. Qf2 Qxf2+ 20.
Rxf2 Rab8 21. Raf1 Kh8 22. Rxf7 Rxf7 23. Rxf7 Rd8 24. Bxb7 Nc5 25. Bg2 Re8 26.
Rxa7 Ne6 27. Ra8 Rxa8 28. Bxa8 Nd4 29. c4 Nb3 30. Kf2 Nc5 31. Ke3 g5 32. b4 Ne6
33. b5 Nc5 34. b6 {[Remainder illegible; 1-0, 49?]} 1-0

[Event "Howell (US Am N/5/20)"]
[Site "?"]
[Date "1996.??.??"]
[Round "?"]
[White "Rosenberg, Steve"]
[Black "Serwatowski, Felix"]
[Result "1-0"]
[WhiteElo "1785"]
[BlackElo "1605"]
[PlyCount "93"]
[EventDate "1996.??.??"]

{5/(20)} 1. e4 c5 2. Nf3 e6 3. d4 cxd4 4. Nxd4 Nf6 5. Qf3 d6 6. Nc3 Nc6 7. Nxc6
bxc6 8. Bg5 Be7 9. Rd1 e5 10. Bxf6 Bxf6 11. Qd3 Be7 12. Be2 O-O 13. O-O Be6 14.
Qg3 Qc7 15. f4 f5 16. fxe5 dxe5 17. Bd3 f4 18. Qf2 Qb6 19. Qxb6 axb6 20. b3
Bc5+ 21. Kh1 Bd4 22. Ne2 Be3 23. a4 Bg4 24. Bc4+ Kh8 25. h3 Bh5 26. Kh2 Bg6 27.
Bd3 Rf6 28. Ng1 Bh5 29. Nf3 Bxf3 30. Rxf3 Rd8 31. Rff1 g5 32. Be2 Rg8 33. Bg4
Rh6 34. Rd7 Rf8 35. Re7 Bd4 36. Rf3 Rd8 37. c3 Be3 38. Rxe5 Rd1 39. Rxe3 fxe3
40. Bxd1 Rf6 41. Rxg5 Rf2 42. Re5 e2 43. Bxe2 Rxe2 44. Re6 Re3 45. Rxc6 Rxe4
46. c4 Re3 47. Rxb6 1-0

[Event "Ann Arbor (Mini-Swiss/2/4)"]
[Site "?"]
[Date "1996.??.??"]
[Round "?"]
[White "Rosenberg, Steve"]
[Black "Santiago, Reynaldo"]
[Result "1-0"]
[WhiteElo "1745"]
[BlackElo "1940"]
[PlyCount "23"]
[EventDate "1996.??.??"]

{2/(4)} 1. e4 g6 2. f4 d6 3. d4 Bg7 4. Nf3 c6 5. c4 Bg4 6. Be2 Nd7 7. Be3 Qb6
8. Qd2 c5 9. e5 Nh6 10. dxc5 dxc5 11. Nc3 e6 12. Ng5 {[Remainder illegible]}
1-0

[Event "Howell (US Am N/1/28)"]
[Site "?"]
[Date "1996.??.??"]
[Round "?"]
[White "Rosenberg, Steve"]
[Black "Pecot, Dave"]
[Result "1-0"]
[WhiteElo "1785"]
[BlackElo "1605"]
[PlyCount "69"]
[EventDate "1996.??.??"]

{1/(28)} 1. e4 e5 2. Nf3 f5 3. Nxe5 Qf6 4. d4 d6 5. Nf3 fxe4 6. Ng5 Qg6 7. Bc4
Nh6 8. Nc3 c6 9. d5 Bf5 10. Qe2 Nd7 11. Ncxe4 O-O-O 12. dxc6 bxc6 13. Ba6+ Kc7
14. O-O Re8 15. f3 d5 16. Qf2 dxe4 17. Qxa7+ Kd8 18. Rd1 exf3 19. Qa8+ Ke7 20.
Re1+ Be6 21. Qxe8+ Kxe8 22. Rxe6+ Qxe6 23. Nxe6 Nc5 24. Bc4 Nxe6 25. Bxe6 Bc5+
26. Kf1 Ke7 27. Bxh6 Kxe6 28. Re1+ Kf7 29. Be3 fxg2+ 30. Kxg2 Bd6 31. a4 Rb8
32. b3 Bb4 33. Rd1 Ke6 34. Rd3 Bd6 35. Rxd6+ 1-0

[Event "Ann Arbor (Mini-Swiss/1/4)"]
[Site "?"]
[Date "1996.??.??"]
[Round "?"]
[White "Rosenberg, Steve"]
[Black "Moody, David"]
[Result "0-1"]
[WhiteElo "1785"]
[BlackElo "2000"]
[PlyCount "98"]
[EventDate "1996.??.??"]

{1/(4)} 1. e4 e5 2. Nf3 Nc6 3. Nc3 Nf6 4. d3 Bc5 5. Be3 Bb6 6. Be2 d6 7. Na4
Bxe3 8. fxe3 Be6 9. h3 Qe7 10. Qd2 O-O-O 11. Ng5 d5 12. Nxe6 fxe6 13. exd5 exd5
14. O-O-O d4 15. Bf3 e4 16. dxe4 b5 17. Qe2 Qb4 18. b3 bxa4 19. Qa6+ Qb7 20.
Qxa4 Qb6 21. exd4 Nxd4 22. e5 Nxf3 23. exf6 Qxf6 24. Qg4+ Kb8 25. Qb4+ Ka8 26.
c3 Qg5+ 27. Kb1 Nd2+ 28. Ka1 Qxg2 29. Rhg1 Qf3 30. Rde1 Rb8 31. Qc5 Rxb3 32.
Re3 Qb7 33. Qf5 Rb8 34. Ree1 Rxc3 35. Rb1 Qxb1+ 36. Rxb1 Rxb1+ 37. Qxb1 Nxb1
38. h4 Nd2 39. h5 Rc2 40. h6 g5 41. a4 Nb3+ 42. Kb1 Rc1+ 43. Kb2 g4 44. a5 g3
45. a6 g2 46. Ka3 g1=Q 47. Kb4 Qb6+ 48. Ka3 Nd2 49. Ka4 Ra1# 0-1

[Event "Lansing (MOR/4/10)"]
[Site "?"]
[Date "1996.??.??"]
[Round "?"]
[White "Rosenberg, Steve"]
[Black "Kane, Paul"]
[Result "1-0"]
[WhiteElo "1755"]
[BlackElo "1605"]
[PlyCount "89"]
[EventDate "1996.??.??"]

{4/(10)} 1. e4 c5 2. g3 d6 3. Bg2 Nc6 4. Ne2 Bg4 5. f3 Bd7 6. d3 g6 7. c3 Bg7
8. Be3 e6 9. O-O Nge7 10. f4 O-O 11. d4 cxd4 12. Nxd4 Nxd4 13. Bxd4 e5 14. fxe5
dxe5 15. Be3 Qc7 16. Na3 b5 17. Rc1 Rad8 18. Qe2 a6 19. Qf2 Nc8 20. Nc2 Be6 21.
Nb4 Qb7 22. b3 a5 23. Nd5 Bxd5 24. exd5 Nd6 25. Bb6 Ra8 26. c4 bxc4 27. bxc4 f5
28. Bc5 Rad8 29. Bxd6 Rxd6 30. c5 Rxd5 31. Bxd5+ Qxd5 32. Rfd1 Qe4 33. Qc2 Qe3+
34. Kg2 f4 35. Qb3+ Qxb3 36. axb3 f3+ 37. Kf2 e4 38. c6 e3+ 39. Kxe3 f2 40. Ke2
Bh6 41. Rc2 Be3 42. c7 Re8 43. c8=Q f1=Q+ 44. Rxf1 Rxc8 45. Rxc8+ 1-0

[Event "Ann Arbor (Mini-Swiss/3/2)"]
[Site "?"]
[Date "1996.??.??"]
[Round "?"]
[White "Rosenberg, Steve"]
[Black "Jendras, Gerard"]
[Result "0-1"]
[WhiteElo "1745"]
[BlackElo "1855"]
[PlyCount "106"]
[EventDate "1996.??.??"]

{3/(2)} 1. e4 e5 2. Nf3 Nc6 3. Bc4 Nf6 4. d3 d5 5. exd5 Nxd5 6. h3 Bc5 7. O-O
O-O 8. Re1 Be6 9. Ng5 h6 10. Nxe6 fxe6 11. Be3 Nd4 12. c3 Qh4 13. Bxd5 exd5 14.
cxd4 exd4 15. g3 Qxh3 16. Bf4 Rxf4 17. gxf4 Rf8 18. Qe2 Rf6 19. Qe8+ Kh7 20.
Nd2 Rg6+ 21. Qxg6+ Kxg6 22. Nf1 Qxd3 23. Ng3 h5 24. Re5 Bd6 25. Rg5+ Kf7 26.
Rxh5 g6 27. Rxd5 Bxf4 28. Rf1 Ke6 29. Ra5 a6 30. Re1+ Kd7 31. Ra3 Qd2 32. Rb1
c5 33. Nf1 Qe2 34. Rh3 Qg4+ 35. Rg3 Bxg3 36. Nxg3 d3 37. Kg2 d2 38. f3 Qa4 39.
Ne4 Qc2 40. Nxd2 Qxd2+ 41. Kg3 g5 42. Rh1 Qxb2 43. Rh2 Qd4 44. a4 c4 45. Rh7+
Kc6 46. a5 c3 47. Rh6+ Kb5 48. Rh7 c2 49. Rxb7+ Kxa5 50. f4 Qxf4+ 51. Kh3 c1=Q
52. Rb2 Qh4+ 53. Kg2 Qch1# 0-1

[Event "Detroit (MI Team/1/4/4)"]
[Site "?"]
[Date "1996.??.??"]
[Round "?"]
[White "Rosenberg, Steve"]
[Black "Henry, Robynne"]
[Result "1-0"]
[WhiteElo "1785"]
[BlackElo "1605"]
[PlyCount "83"]
[EventDate "1996.??.??"]

{1/4} 1. e4 d6 2. Bc4 Nc6 3. d4 e6 4. Nc3 Nf6 5. Bg5 Bd7 6. Nf3 Nb4 7. e5 b5 8.
Nxb5 Bxb5 9. Bxb5+ c6 10. exf6 gxf6 11. Bd2 Rb8 12. Bxb4 Rxb5 13. Qd2 d5 14.
Bxf8 Kxf8 15. b3 Qa5 16. Qxa5 Rxa5 17. a4 c5 18. Kd2 Ke7 19. Rhe1 h5 20. c3 Kd6
21. b4 cxb4 22. cxb4 Ra6 23. a5 Rb8 24. Reb1 Rc6 25. b5 Rc7 26. b6 axb6 27.
Rxb6+ Rxb6 28. axb6 Rb7 29. Rb1 e5 30. Kc3 exd4+ 31. Kxd4 Ke6 32. Kc5 Kd7 33.
Kxd5 Kc8 34. Kc6 Kb8 35. Re1 Ka8 36. Re8+ Rb8 37. Rxb8+ Kxb8 38. b7 f5 39. Ne5
f4 40. Nd7+ Ka7 41. b8=Q+ Ka6 42. Qb6# 1-0

[Event "Detroit (Class B/3/4)"]
[Site "?"]
[Date "1996.??.??"]
[Round "?"]
[White "Rosenberg, Steve"]
[Black "Griffin, John"]
[Result "1/2-1/2"]
[WhiteElo "1740"]
[BlackElo "1605"]
[PlyCount "132"]
[EventDate "1996.??.??"]

{3/(4)} 1. e4 c5 2. Nc3 Nc6 3. Nf3 e6 4. d4 cxd4 5. Nxd4 Nf6 6. Bg5 Be7 7. Nxc6
bxc6 8. Be2 h6 9. Bf4 a6 10. O-O d5 11. exd5 cxd5 12. Bf3 O-O 13. Qd4 Bd6 14.
Ne2 Bxf4 15. Qxf4 Qb6 16. b3 Bb7 17. c4 Rfc8 18. Rac1 dxc4 19. Bxb7 Qxb7 20.
Rxc4 Rxc4 21. Qxc4 Rc8 22. Qd3 Qb5 23. Qxb5 axb5 24. Nd4 b4 25. f4 Nd5 26. g3
Kf8 27. Ra1 Ra8 28. Nc6 Ke8 29. Kf2 Ra6 30. Ne5 Nc3 31. Nd3 Rxa2+ 32. Rxa2 Nxa2
33. Ke3 Kd7 34. Kd4 Nc3 35. Nxb4 Nb5+ 36. Kc5 Nc7 37. Nd3 f6 38. b4 Nd5 39. Kb5
Kd6 40. Ka6 e5 41. fxe5+ fxe5 42. b5 e4 43. Nf4 Nc7+ 44. Kb6 g5 45. Ne2 e3 46.
Nd4 Nd5+ 47. Ka6 Kc5 48. Nc2 e2 49. Ka5 Nb6 50. Ka6 Nc8 51. Ne1 h5 52. Nc2 h4
53. gxh4 gxh4 54. h3 Nb6 55. Kb7 Nd5 56. Ka7 Kd6 57. b6 Nxb6 58. Kxb6 Ke5 59.
Kc5 Kf4 60. Kd4 Kg3 61. Ke3 Kxh3 62. Kxe2 Kg2 63. Ne3+ Kg1 64. Kf3 h3 65. Ng4
h2 66. Nxh2 Kxh2 1/2-1/2

[Event "Howell (US Am N/3/21)"]
[Site "?"]
[Date "1996.??.??"]
[Round "?"]
[White "Rosenberg, Steve"]
[Black "Gregg, Ted"]
[Result "1/2-1/2"]
[WhiteElo "1785"]
[BlackElo "1605"]
[PlyCount "134"]
[EventDate "1996.??.??"]

{3/(21)} 1. e4 e5 2. Nf3 Nc6 3. Nc3 Nf6 4. d3 Be7 5. Be2 O-O 6. Bg5 d6 7. Qd2
Be6 8. O-O a6 9. Ne1 Nd4 10. f4 Nxe2+ 11. Nxe2 Ne8 12. f5 Bd7 13. Bxe7 Qxe7 14.
Rf3 Nf6 15. Rg3 d5 16. Qg5 g6 17. Nf3 dxe4 18. dxe4 Bc6 19. Nc3 Rfe8 20. Re1
Rad8 21. h4 Kg7 22. fxg6 fxg6 23. h5 Nd7 24. Qg4 Nf8 25. Nh4 Qe6 26. Nf5+ Kh8
27. hxg6 Nxg6 28. Qg5 Rd7 29. Rf1 Rg8 30. Nh6 Rgg7 31. Rf6 Qe8 32. Qf5 Qe7 33.
Rgxg6 hxg6 34. Qf2 Rd6 35. Nf7+ Kg8 36. Nxd6 cxd6 37. Rf3 Rf7 38. Qg3 g5 39.
Rxf7 Kxf7 40. Qf3+ Qf6 41. Kf2 Qxf3+ 42. Kxf3 Ke6 43. b3 d5 44. exd5+ Bxd5+ 45.
Nxd5 Kxd5 46. Ke3 b5 47. c3 a5 48. Kd3 e4+ 49. Ke3 Ke5 50. c4 bxc4 51. bxc4 a4
52. a3 g4 53. g3 Kf5 54. c5 Ke5 55. c6 Kd6 56. Kxe4 Kxc6 57. Kf4 Kc5 58. Kxg4
Kc4 59. Kf5 Kb3 60. g4 Kxa3 61. g5 Kb2 62. g6 a3 63. g7 a2 64. g8=Q a1=Q 65.
Qg2+ Kb1 66. Qe4+ Ka2 67. Qa8+ Kb1 1/2-1/2

[Event "Ann Arbor (mini-Swiss/2/5)"]
[Site "?"]
[Date "1996.??.??"]
[Round "?"]
[White "Rosenberg, Steve"]
[Black "Gaiefsky, Mike"]
[Result "0-1"]
[WhiteElo "1785"]
[BlackElo "1865"]
[PlyCount "114"]
[EventDate "1996.??.??"]

{2/(5)} 1. e4 c5 2. Nf3 d6 3. Nc3 Nf6 4. d4 cxd4 5. Nxd4 a6 6. Be3 Ng4 7. Qf3
g6 8. Bc4 Ne5 9. Qe2 Nxc4 10. Qxc4 Bg7 11. Nd5 O-O 12. c3 b5 13. Qb3 e6 14. Nb4
Qh4 15. Qc2 Bb7 16. Nf3 Qxe4 17. Qxe4 Bxe4 18. Ke2 a5 19. Nd3 Nd7 20. Rad1 Ra6
21. Nf4 Bxf3+ 22. Kxf3 Ne5+ 23. Ke2 Nc4 24. Bc1 a4 25. Nd3 Rd8 26. f4 d5 27. g4
a3 28. b3 Nb2 29. Nxb2 axb2 30. Bxb2 Rxa2 31. Rd2 b4 32. cxb4 Rxb2 33. Rxb2
Bxb2 34. Kd3 Rc8 35. b5 Rc3+ 36. Kd2 Rxb3 37. Kc2 Rxb5 38. Rb1 Kg7 39. Kd3 Rb4
40. g5 Ba3 41. Ra1 Rb3+ 42. Kc2 Rh3 43. Kd1 Bd6 44. Ra4 Rxh2 45. Ke1 Rb2 46.
Ra1 Rb4 47. Ra6 Bxf4 48. Ke2 Bxg5 49. Kd3 Re4 50. Ra1 h5 51. Rg1 Be3 52. Rg2 h4
53. Rh2 g5 54. Rh3 Bf4 55. Kc3 Bg3 56. Rh1 Re1 57. Rxe1 Bxe1+ 0-1

[Event "Detroit (MI Team extra)"]
[Site "?"]
[Date "1996.??.??"]
[Round "?"]
[White "Rosenberg, Steve"]
[Black "Drkulec, Vladimir"]
[Result "0-1"]
[WhiteElo "1785"]
[BlackElo "2140"]
[PlyCount "80"]
[EventDate "1996.??.??"]

{4/28} 1. e4 e5 2. Nf3 Nc6 3. Nc3 Nf6 4. d3 Bc5 5. Be3 Bb6 6. Be2 d6 7. O-O Bd7
8. Na4 Ba5 9. Nc3 h6 10. a3 Ne7 11. b4 Bb6 12. Na2 c6 13. c4 Ng6 14. Qd2 O-O
15. Nc3 Bxe3 16. fxe3 Qe7 17. Qe1 Rad8 18. Nh4 Nxh4 19. Qxh4 Rfe8 20. h3 Be6
21. Rf3 d5 22. exd5 Nxd5 23. Qxe7 Nxe7 24. Rd1 Bf5 25. d4 Bc2 26. Rd2 Bg6 27.
Rd1 Nf5 28. dxe5 Rxd1+ 29. Bxd1 Rxe5 30. Kf2 Kf8 31. g4 Nd6 32. Be2 c5 33. Ke1
f6 34. Kd2 Bf7 35. Nb5 Ne4+ 36. Kc2 a6 37. Nc3 Nd6 38. Na4 cxb4 39. Nb6 b3+ 40.
Kxb3 Rb5+ 0-1

[Event "Detroit (MI Team/4/2/4)"]
[Site "?"]
[Date "1996.??.??"]
[Round "?"]
[White "Rosenberg, Steve"]
[Black "Conlon, Russell"]
[Result "1/2-1/2"]
[WhiteElo "1785"]
[BlackElo "1905"]
[PlyCount "30"]
[EventDate "1996.??.??"]

{4/2} 1. e4 d5 2. exd5 Nf6 3. Nc3 Nxd5 4. Nf3 Bg4 5. Be2 e6 6. d4 Nxc3 7. bxc3
Nd7 8. Bf4 Bd6 9. Qd2 Nf6 10. Ne5 Bxe2 11. Qxe2 c6 12. Qf3 O-O 13. Bg5 Be7 14.
O-O Nd7 15. Nxd7 Qxd7 1/2-1/2

[Event "Detroit (Class B/2/9)"]
[Site "?"]
[Date "1996.??.??"]
[Round "?"]
[White "Rosenberg, Steve"]
[Black "Blanchard, Robert"]
[Result "1-0"]
[WhiteElo "1740"]
[BlackElo "1690"]
[PlyCount "57"]
[EventDate "1996.??.??"]

{2/(9)} 1. e4 c5 2. Bc4 e6 3. Nc3 d6 4. Nf3 a6 5. d4 cxd4 6. Nxd4 Be7 7. O-O
Nf6 8. Re1 O-O 9. Qf3 Qc7 10. Bd3 b5 11. Qg3 Nbd7 12. f4 e5 13. Nf5 Nh5 14.
Nxe7+ Kh8 15. Qf2 Ndf6 16. Ned5 Qd8 17. fxe5 dxe5 18. Bg5 Qd6 19. Bxf6 gxf6 20.
Qh4 Qc5+ 21. Kh1 Nf4 22. Qxf6+ Kg8 23. Ne7+ Qxe7 24. Qxe7 Be6 25. Qg5+ Ng6 26.
Nd5 Ra7 27. Nf6+ Kg7 28. Nh5+ Kg8 29. Qf6 1-0

[Event "Lansing (MOR/5/23)"]
[Site "?"]
[Date "1996.??.??"]
[Round "?"]
[White "Rosebrook, G."]
[Black "Velasquez, A."]
[Result "0-1"]
[WhiteElo "1605"]
[BlackElo "1690"]
[PlyCount "90"]
[EventDate "1996.??.??"]

{5/(23)} 1. e4 c5 2. Nf3 Nc6 3. d4 cxd4 4. Nxd4 g6 5. c3 Nf6 6. Nd2 Bg7 7. Qc2
O-O 8. N2f3 d5 9. e5 Ng4 10. Nxc6 bxc6 11. Bf4 Qc7 12. Qe2 a5 13. Nd4 c5 14.
Nb5 Qb8 15. Bg3 Bxe5 16. h3 Bxg3 17. hxg4 Be5 18. Qe3 Bd6 19. Qh6 Bh2 20. Rxh2
Qe5+ 21. Be2 Qg7 22. Nc7 Rb8 23. Qxg7+ Kxg7 24. b3 e6 25. Kd2 Bb7 26. Na6 Rbc8
27. Rah1 Rh8 28. f4 c4 29. f5 Bxa6 30. fxe6 fxe6 31. g5 Rcf8 32. Bf3 Bc8 33.
Be2 cxb3 34. axb3 Rf5 35. Ra1 Rxg5 36. Rxa5 h5 37. Ra7+ Kf6 38. g4 h4 39. Rf2+
Ke5 40. c4 h3 41. Rh2 Kf4 42. Rf7+ Kg3 43. Rff2 dxc4 44. bxc4 Bb7 45. Kc3 Bg2
0-1

[Event "Detroit (Class C/5/14)"]
[Site "?"]
[Date "1996.??.??"]
[Round "?"]
[White "Rosebrook, G."]
[Black "Tsuji, J."]
[Result "1-0"]
[WhiteElo "1605"]
[BlackElo "1605"]
[PlyCount "47"]
[EventDate "1996.??.??"]

{5/(14)} 1. e4 e5 2. Nf3 Nf6 3. Nc3 Nc6 4. Bb5 Nd4 5. Nxe5 Nxb5 6. Nxb5 d6 7.
Nd3 Bd7 8. Nc3 Be7 9. h3 O-O 10. b3 Re8 11. Bb2 c5 12. Qf3 Bc6 13. O-O-O b5 14.
Rhe1 a5 15. Nd5 Bxd5 16. exd5 c4 17. Nf4 cxb3 18. Qxb3 Qd7 19. Re2 Rac8 20.
Rde1 Kf8 21. g4 a4 22. Qd3 Rxc2+ 23. Kxc2 Rc8+ 24. Kd1 1-0